| 000 | 00612nam a22001577a 4500 | ||
|---|---|---|---|
| 008 | 161201b xxu||||| |||| 00| 0 eng d | ||
| 020 | _a9781409342007 | ||
| 082 |
_22014 _aDRef 616.0252 _bAu7f |
||
| 245 | _aFirst aid manual + : the authorised manual of St. John Ambulance, St. Andrew's First Aid and the British Red Cross. | ||
| 250 | _a10th edition | ||
| 260 |
_aLondon: _bDorling Kindersley Ltd., _cc2014. |
||
| 300 |
_a288 pages: _bcolor illustrations; _c22 cm. |
||
| 500 | _aIncludes appendix and index. | ||
| 650 | 0 |
_917915 _aFirst aid in illness and injuries _xHandbooks, manuals, etc. |
|
| 942 |
_2ddc _cDREF |
||
| 999 |
_c5913 _d5913 |
||